000 00739nam a22001337a 4500
040 _cRUA
082 _aAVM PUM 2013 B110 Or.1
100 _aPUM, CHENDA.
245 _aStudy on gastro intestinal parasites in wild pig at phnom tamao zoolopical garden and wildlife rescue center, សិក្សាពីបរាសិតក្នុងក្រពះពោះវៀនជ្រូកព្រៃ នៅឧទ្យានសួនសត្វ និង មជ្ឈមណ្ឌលសង្គ្រោះសត្វព្រៃភ្នំតាម៉ៅ
260 _aPhnom Penh
_bRUA
_c2013
300 _axi; 59p.
_bill.
_c29cm.
856 _uhttps://drive.google.com/file/d/1DiXqjjoJgplJ6rGVqYcQa_Qdz5QwhfY3/view?usp=sharing
942 _cAVM
999 _c2732
_d2732